00841nam a2200265 a 450000100060000000300080000600500170001400800390003102000230007002000260009303500360011904000370015504100080019206000200020008200260022024500900024625000120033626000410034830000500038950400510043965000180049065000270050865000180053570000220055336900BD-RjUL20211209052545.0140922s2006 njua b 001 0 eng a0471678082 (cloth) a9780471678083 (cloth) a(DNLM)101244767a(BD-RjUL)37002 aDNLM/DLCcDLCdDLCdBD-RjULbeng aeng10aQU 4bT355 200600a612.015222bTEX 200600aTextbook of biochemistry :bwith clinical correlations /cedited by Thomas M. Devlin. a6th ed. aHoboken, N.J. :bWiley-Liss,cc2006. axxvii, 1208 p. :bill. (some col.) ;c29 cm. aIncludes bibliographical references and index. 0aBiochemistry. 0aClinical biochemistry.12aBiochemistry.1 aDevlin, Thomas M.